Top 10 Süper Lig Goalscorers of the Decade (2010s) - Statistics

General Stats
  • This quiz has been taken 509 times
  • The average score is 3 of 10
Answer Stats
Rank Player Goals % Correct
1st Burak Yılmaz 163
98%
4th Umut Bulut 75
48%
5th Moussa Sow 67
43%
2nd Cenk Tosun 80
42%
6th Edin Višća 67
26%
9th Fernandão 58
24%
8th Pierre Webó 61
22%
10th Hugo Rodallega 54
14%
7th Aatif Chahechouhe 62
8%
3rd Bogdan Stancu 75
4%
No matching quizzes found
Score Distribution
Percent of People with Each Score
Percentile by Number Answered
Your Score History
You have not taken this quiz